000 00385nam a2200133 i 4500
001 77336
003 ES-MaACL
007 t|
008 041008s1964 xxu ||||1| spa d
245 0 0 _aHacia una nueva polĂ­tica comercial en pro del desarrollo
_b: informe.
260 _aNueva York :
_bNaciones Unidas,
_c1964.
300 _aX, 131 p. ;
_c23 cm.
852 _aES-MaACL
_jE-8294
_bR.92739
999 _c77336
_d77336